Genética del desarrollo

Guardat en:
Dades bibliogràfiques
Autors principals: Markert, Clement L. (autor), Ursprung, Heinrich (Autor)
Format: Llibre
Idioma:espanyol
Publicat: Ciudad de México CRAT 1973
Ciudad de México UTEHA 1973
Matèries:
Etiquetes: Afegir etiqueta
Sense etiquetes, Sigues el primer a etiquetar aquest registre!

MARC

LEADER 00000nam a2200000 a 4500
001 UCT1549
003 CL-VaPUC
008 960927e19730000mx |||||||||||||||||spa|d
082 0 4 |a 575.1  |b MAR  |2 21 
100 |a Markert, Clement L.  |e autor  |9 370466 
700 0 |a Ursprung, Heinrich  |e author  |9 370467 
245 1 0 |a Genética del desarrollo 
300 |a 225 p 
942 |c BK 
945 |d 19960927 00:00:00  |a paguirre 
260 |a Ciudad de México  |b CRAT  |c 1973 
260 |a Ciudad de México  |b UTEHA  |c 1973 
650 0 |a Genética  |9 259443 
650 0 |a Biología  |9 262022 
650 7 |a DESARROLLO  |2 CL-VaPUC  |9 258144 
650 0 |a Genes  |9 330314 
650 0 |a Genética humana  |9 269609 
650 7 |a MUTAGENESIS  |2 CL-VaPUC  |9 361433 
650 0 |a Cromosomas  |9 344073 
583 |a last modification  |c 20171006 04:34:40  |k Rodrigo Vera 
999 |c 252035  |d 252033 
952 |0 0  |1 0  |4 0  |6 575_100000000000000_MAR_1973_1973  |7 0  |8 A  |9 271630  |a BIBCUR  |b BIBCUR  |d 2019-11-19  |i 1753126  |l 1  |o 575.1 MAR 1973 1973  |p 1753126  |r 2025-04-22  |s 2024-08-30  |w 2019-11-19  |y BK  |k BCB